[Event "EYCC Open U12 2018"]
[Site "Riga"]
[Date "2018.08.20"]
[Round "1"]
[White "Murzin, Volodar"]
[Black "Zilakauskis, Steponas"]
[Result "1-0"]
[WhiteElo "2306"]
[BlackElo "1696"]
[Annotator "NA"]
[PlyCount "57"]
[EventDate "2018.08.20"]
[EventType "swiss"]
[EventCountry "LAT"]
[SourceTitle "playchess.com"]
[Source "ChessBase"]
[SourceQuality "1"]
[TimeControl "40/5400+30:1800+30"]

1. e4 {[%emt 0:00:00]} e6 {[%emt 0:00:00]} 2. d3 {[%emt 0:00:00]} d5 {[%emt 0:00:00]} 3. Nd2 {[%emt 0:00:00]} c5 {[%emt 0:00:12]} 4. Ngf3 {[%emt 0:00:00]} Nc6 {[%emt 0:00:26]} 5. g3 {[%emt 0:00:15]} g6 {[%emt 0:01:47]} 6. Bg2 {[%emt 0:00:10]} Bg7 {[%emt 0:00:18]} 7. O-O {[%emt 0:00:13]} Nf6 {[%emt 0:07:28]} 8. Re1 {[%emt 0:01:12]} O-O {[%emt 0:00:20] LiveBook: 213 Games} 9. c3 {[%emt 0:00:48]} Qc7 {[%emt 0:07:40]} 10. Nf1 {[%emt 0:03:04]} Rd8 {[%emt 0:03:06]} (10... d4 $11) 11. e5 {[%emt 0:03:44]} Nd7 $14 {[%emt 0:02:39]} 12. d4 {[%emt 0:00:59]} Nb6 {[%emt 0:04:06]} 13. Bg5 {[%emt 0:02:31]} Re8 {[%emt 0:04:08]} 14. h4 {[%emt 0:00:35]} h6 {[%emt 0:02:45]} 15. Bf4 {[%emt 0:00:11]} cxd4 {[%emt 0:02:38]} 16. cxd4 {[%emt 0:00:11]} Qe7 {[%emt 0:01:35]} 17. N1h2 {[%emt 0:01:42]} Bd7 {[%emt 0:03:20]} 18. b3 {[%emt 0:04:27]} f5 {[%emt 0:08:39]} 19. exf6 {[%emt 0:00:16]} Qxf6 {[%emt 0:00:12]} 20. Ng4 {[%emt 0:00:19]} Qf8 {[%emt 0:00:55]} 21. Nge5 {[%emt 0:01:28]} Nxe5 {[%emt 0:06:38]} 22. Nxe5 {[%emt 0:03:32]} Qf6 {[%emt 0:01:22]} 23. Qd2 {[%emt 0:00:11]} Kh7 {[%emt 0:01:23]} 24. Bf1 {[%emt 0:00:30]} Qf8 {[%emt 0:05:14]} 25. Bd3 {[%emt 0:00:17]} Bxe5 {[%emt 0:00:09]} 26. Rxe5 {[%emt 0:00:05]} Re7 {[%emt 0:08:04]} 27. Rh5 {[%emt 0:01:29]} Be8 {[%emt 0:00:24]} 28. Rxh6+ {[%emt 0:00:24]} Kg7 {[%emt 0:00:20]} 29. Be5+ {[%emt 0:00:07]} 1-0

[Event "EYCC Open U12 2018"]
[Site "Riga"]
[Date "2018.08.20"]
[Round "1"]
[White "Safin, Robert"]
[Black "Valvag, Torbjorn"]
[Result "1-0"]
[WhiteElo "2156"]
[BlackElo "1674"]
[Annotator "NA"]
[PlyCount "105"]
[EventDate "2018.08.20"]
[EventType "swiss"]
[EventCountry "LAT"]
[SourceTitle "playchess.com"]
[Source "ChessBase"]
[SourceQuality "1"]
[TimeControl "40/5400+30:1800+30"]

1. d4 {[%emt 0:00:00]} Nf6 {[%emt 0:00:00]} 2. c4 {[%emt 0:00:00]} e6 {[%emt 0:00:00]} 3. g3 {[%emt 0:00:00]} d5 {[%emt 0:00:04]} 4. Bg2 {[%emt 0:00:00]} Bb4+ {[%emt 0:00:23]} 5. Bd2 {[%emt 0:00:06] E01: Catalan: Early deviations} Bxd2+ {[%emt 0:00:05]} (5... Be7 6. Nf3 O-O 7. O-O Nbd7 8. b4 c6 9. a4 Ne4 10. Be1 f5 11. b5 Bd6 12. Qc2 Qe7 13. Nc3 g5 14. Rb1 g4 15. Nd2 Nxc3 16. Qxc3 {0-1 (63) So,W (2780)-Wei,Y (2729) chess.com INT 2018}) 6. Nxd2 {[%emt 0:00:11]} b6 {[%emt 0:00:12]} 7. e3 $146 {[%emt 0:00:07]} ({Predecessor:} 7. Ngf3 Bb7 8. Qa4+ Nbd7 9. Ne5 O-O 10. Nxd7 Qxd7 11. Qxd7 {½-½ (11) Condori Aranya,E (2210)-Iturry,W (2241) Ilo Moquegua 2012}) 7... Ba6 {[%emt 0:00:08]} 8. Rc1 {[%emt 0:05:18]} c6 {[%emt 0:00:22]} 9. Ngf3 {[%emt 0:00:23]} O-O {[%emt 0:00:06]} 10. O-O {[%emt 0:00:36]} Ne4 {[%emt 0:01:05]} (10... Bb7 $11 {remains equal.}) 11. Nxe4 {[%emt 0:03:44]} dxe4 {[%emt 0:00:04]} 12. Nd2 {[%emt 0:01:57]} f5 {[%emt 0:00:06]} 13. f3 {[%emt 0:03:33]} exf3 {[%emt 0:00:55]} 14. Nxf3 {[%emt 0:00:50]} Nd7 {[%emt 0:00:48]} 15. Qe2 {[%emt 0:01:53]} (15. Ne1 $16) 15... Rc8 {[%emt 0:00:51]} 16. Rfd1 {[%emt 0:00:31]} Qc7 {[%emt 0:01:17]} 17. e4 {[%emt 0:03:56]} f4 {[%emt 0:01:51]} 18. e5 {[%emt 0:00:37]} fxg3 {[%emt 0:00:04]} 19. hxg3 {[%emt 0:00:04]} h6 {[%emt 0:02:45]} 20. Nh4 {[%emt 0:04:45]} c5 {[%emt 0:01:22]} 21. Ng6 {[%emt 0:01:04]} Rfe8 {[%emt 0:00:06]} 22. d5 $18 {[%emt 0:01:05]} Rcd8 {[%emt 0:03:44]} 23. d6 {[%emt 0:01:12]} Qb8 {[%emt 0:00:19]} 24. Ne7+ {[%emt 0:00:09]} Kh8 {[%emt 0:00:16]} 25. Nc6 {[%emt 0:01:22]} Qa8 {[%emt 0:00:14]} 26. Rf1 {[%emt 0:06:10]} Rc8 {[%emt 0:01:58]} 27. Ne7 {[%emt 0:00:11]} Bb7 {[%emt 0:00:07]} 28. Bxb7 {[%emt 0:00:57]} Qxb7 {[%emt 0:00:05]} 29. Nxc8 {[%emt 0:00:15]} Qxc8 {[%emt 0:00:10]} 30. Rf7 {[%emt 0:00:29]} Qd8 {[%emt 0:00:21]} 31. Qg4 {[%emt 0:00:30]} Rg8 {[%emt 0:00:20]} 32. Qxe6 {[%emt 0:00:33]} Qg5 {[%emt 0:00:09]} 33. Rc3 {[%emt 0:00:37]} Nb8 {[%emt 0:05:13]} 34. Qf5 {[%emt 0:00:30]} Qd2 {[%emt 0:00:15]} 35. Qf2 {[%emt 0:00:08]} Qd1+ {[%emt 0:00:28]} 36. Kg2 {[%emt 0:01:01]} Nc6 {[%emt 0:00:13]} 37. Re3 {[%emt 0:07:04]} Qd4 {[%emt 0:00:52]} 38. Rf4 {[%emt 0:00:09]} Qd1 {[%emt 0:00:14]} 39. Qf3 {[%emt 0:02:02]} Qd2+ {[%emt 0:01:14]} 40. Re2 {[%emt 0:00:00]} Qd1 {[%emt 0:00:00]} 41. Rf2 {[%emt 0:03:04]} Qxf3+ {[%emt 0:00:18]} 42. R4xf3 {[%emt 0:00:25]} Nxe5 {[%emt 0:00:02]} 43. Rf8 {[%emt 0:00:08]} Nd7 {[%emt 0:00:45]} 44. Rxg8+ {[%emt 0:00:17]} Kxg8 {[%emt 0:00:03]} 45. Kf1 {[%emt 0:00:11]} g5 {[%emt 0:00:31]} 46. Ke2 {[%emt 0:00:30]} Kg7 {[%emt 0:00:31]} 47. Kd3 {[%emt 0:03:56]} Nf6 {[%emt 0:05:13]} 48. Re2 {[%emt 0:00:19]} h5 {[%emt 0:00:51]} 49. d7 {[%emt 0:00:59]} Nxd7 {[%emt 0:00:07]} 50. Re7+ {[%emt 0:00:04]} Kg6 {[%emt 0:00:03]} 51. Rxd7 {[%emt 0:00:06]} h4 {[%emt 0:00:04]} 52. gxh4 {[%emt 0:00:14]} gxh4 {[%emt 0:00:01]} 53. Ke4 {[%emt 0:00:31]} 1-0

[Event "EYCC Open U12 2018"]
[Site "Riga"]
[Date "2018.08.20"]
[Round "1"]
[White "Grebnev, Aleksey"]
[Black "Akulov, Mikhail"]
[Result "1-0"]
[WhiteElo "2143"]
[BlackElo "1663"]
[Annotator "NA"]
[PlyCount "139"]
[EventDate "2018.08.20"]
[EventType "swiss"]
[EventCountry "LAT"]
[SourceTitle "playchess.com"]
[Source "ChessBase"]
[SourceQuality "1"]
[TimeControl "40/5400+30:1800+30"]

1. e4 {[%emt 0:00:00]} c5 {[%emt 0:00:00]} 2. Nf3 {[%emt 0:00:00]} e6 {[%emt 0:00:38]} 3. d4 {[%emt 0:00:01]} cxd4 {[%emt 0:00:21]} 4. Nxd4 {[%emt 0:00:16]} Nf6 {[%emt 0:00:35]} 5. Nc3 {[%emt 0:01:27]} d6 {[%emt 0:00:41]} 6. Be3 {[%emt 0:00:20]} a6 {[%emt 0:01:01]} 7. f3 {[%emt 0:06:53]} Be7 {[%emt 0:02:42]} 8. Qd2 {[%emt 0:00:56]} Nc6 {[%emt 0:03:46]} 9. g4 {[%emt 0:02:51]} Qc7 {[%emt 0:02:32] LiveBook: 51 Games} 10. g5 {[%emt 0:01:20]} Nd7 {[%emt 0:03:41]} 11. f4 $11 {[%emt 0:05:34]} (11. O-O-O $16) 11... b5 {[%emt 0:09:17]} 12. Bg2 {[%emt 0:06:22]} Bb7 {[%emt 0:01:02]} 13. f5 {[%emt 0:10:41]} Nc5 {[%emt 0:10:19]} 14. O-O {[%emt 0:14:06]} Ne5 {[%emt 0:14:41]} 15. b4 {[%emt 0:05:46]} Nc4 {[%emt 0:06:46]} 16. Qe2 {[%emt 0:00:14]} Nxe3 {[%emt 0:05:48]} 17. Qxe3 {[%emt 0:00:02]} e5 {[%emt 0:01:33]} 18. Ndxb5 {[%emt 0:09:03]} axb5 {[%emt 0:04:40]} 19. bxc5 {[%emt 0:00:58]} Bxg5 {[%emt 0:05:12]} 20. Qxg5 {[%emt 0:00:32]} Qxc5+ {[%emt 0:02:02]} 21. Kh1 {[%emt 0:00:38]} Qxc3 {[%emt 0:00:53]} 22. Qxg7 {[%emt 0:01:34]} Rf8 {[%emt 0:00:09]} 23. Rad1 {[%emt 0:01:31]} Qc5 {[%emt 0:10:15]} 24. Rd2 {[%emt 0:05:32]} Rxa2 {[%emt 0:02:25]} 25. Rfd1 {[%emt 0:01:07]} Rxc2 {[%emt 0:07:49]} 26. Rxd6 {[%emt 0:01:47]} Qxd6 {[%emt 0:00:12]} 27. Rxd6 {[%emt 0:00:06]} Rc1+ {[%emt 0:00:11]} 28. Bf1 {[%emt 0:00:05]} Rxf1+ {[%emt 0:00:10]} 29. Kg2 {[%emt 0:00:24]} Rxf5 {[%emt 0:00:31]} 30. Rd5 {[%emt 0:06:19]} Bxd5 {[%emt 0:01:15]} 31. exd5 {[%emt 0:00:02]} h6 {[%emt 0:00:52]} 32. h4 {[%emt 0:00:24]} e4 {[%emt 0:00:50]} 33. d6 {[%emt 0:00:15]} Rd5 {[%emt 0:00:20]} 34. Qf6 {[%emt 0:01:04]} Rg8+ {[%emt 0:01:16]} 35. Kf1 {[%emt 0:00:10]} Rxd6 36. Qxd6 {[%emt 0:00:07]} Rg6 {[%emt 0:02:11]} 37. Qb8+ {[%emt 0:00:10]} Ke7 {[%emt 0:00:17]} 38. Qb7+ {[%emt 0:00:33]} Kf6 {[%emt 0:00:39]} 39. Qxe4 {[%emt 0:00:27]} Kg7 {[%emt 0:00:23]} 40. Qe5+ {[%emt 0:00:00]} Kg8 {[%emt 0:00:00]} 41. Qxb5 {[%emt 0:00:23]} Rf6+ {[%emt 0:01:54]} 42. Kg2 {[%emt 0:00:08]} Rg6+ {[%emt 0:00:07]} 43. Kf3 {[%emt 0:00:06]} Rf6+ {[%emt 0:00:05]} 44. Ke4 {[%emt 0:00:10]} Re6+ {[%emt 0:00:20]} 45. Kf5 {[%emt 0:00:12]} Rg6 {[%emt 0:00:31]} 46. Qe5 {[%emt 0:00:36]} Re6 {[%emt 0:00:51]} 47. Qb8+ {[%emt 0:00:13]} Kg7 {[%emt 0:00:43]} 48. h5 {[%emt 0:00:16]} Rf6+ {[%emt 0:00:14]} 49. Ke5 {[%emt 0:00:05]} Re6+ {[%emt 0:00:09]} 50. Kd5 {[%emt 0:00:06]} Ra6 {[%emt 0:01:13]} 51. Qe5+ {[%emt 0:00:33]} Kg8 {[%emt 0:00:57]} 52. Qg3+ {[%emt 0:00:47]} Kf8 {[%emt 0:00:24]} 53. Qd3 {[%emt 0:01:18]} Ra5+ {[%emt 0:03:17]} 54. Kd6 {[%emt 0:00:09]} Kg8 {[%emt 0:03:35]} 55. Qe2 {[%emt 0:01:45]} Kg7 {[%emt 0:02:26]} 56. Qg4+ {[%emt 0:00:35]} Rg5 {[%emt 0:02:58]} 57. Qd4+ {[%emt 0:00:32]} Kg8 {[%emt 0:01:01]} 58. Ke7 {[%emt 0:00:12]} Rxh5 {[%emt 0:01:38]} 59. Qd8+ {[%emt 0:00:14]} Kh7 {[%emt 0:01:31]} 60. Kxf7 {[%emt 0:00:10]} Rf5+ {[%emt 0:00:58]} 61. Ke6 {[%emt 0:00:10]} Rg5 {[%emt 0:00:20]} 62. Qd3+ {[%emt 0:01:29]} Kg7 {[%emt 0:01:09]} 63. Qd4+ {[%emt 0:00:15]} Kg6 {[%emt 0:00:38]} 64. Qe4+ {[%emt 0:00:28]} Kg7 {[%emt 0:00:22]} 65. Qf4 {[%emt 0:00:06]} Kh7 {[%emt 0:00:41]} 66. Qe4+ {[%emt 0:00:20]} Kg7 {[%emt 0:00:14]} 67. Ke7 {[%emt 0:00:07]} Kh8 {[%emt 0:01:07]} 68. Qe6 {[%emt 0:00:22]} Rg7+ {[%emt 0:00:24]} 69. Kf8 {[%emt 0:00:17]} Kh7 {[%emt 0:01:25]} 70. Qf5+ {[%emt 0:00:09]} 1-0

[Event "EYCC Open U12 2018"]
[Site "Riga"]
[Date "2018.08.20"]
[Round "1"]
[White "Backiel, Hubert"]
[Black "Makoveev, Ilya"]
[Result "0-1"]
[WhiteElo "1675"]
[BlackElo "2249"]
[Annotator "NA"]
[PlyCount "92"]
[EventDate "2018.08.20"]
[EventType "swiss"]
[EventCountry "LAT"]
[SourceTitle "playchess.com"]
[Source "ChessBase"]
[SourceQuality "1"]
[TimeControl "40/5400+30:1800+30"]

1. c4 {[%emt 0:00:00]} Nf6 {[%emt 0:00:29]} 2. Nf3 {[%emt 0:00:00]} g6 {[%emt 0:01:03]} 3. g3 {[%emt 0:00:51]} Bg7 {[%emt 0:00:23]} 4. Bg2 {[%emt 0:00:26]} O-O {[%emt 0:00:20]} 5. O-O {[%emt 0:00:09]} d5 {[%emt 0:00:24]} 6. cxd5 {[%emt 0:00:43]} Nxd5 {[%emt 0:00:02] LiveBook: 838 Games} 7. Nc3 {[%emt 0:00:34]} Nb6 {[%emt 0:02:02]} 8. d3 {[%emt 0:18:10]} Nc6 {[%emt 0:06:56]} 9. Be3 {[%emt 0:06:34]} e5 {[%emt 0:02:26]} 10. Nd2 {[%emt 0:05:00]} Nd4 {[%emt 0:05:51]} 11. Rc1 {[%emt 0:07:46]} c6 {[%emt 0:01:51]} 12. Nb3 Qe7 {[%emt 0:09:06]} 13. Ne4 {[%emt 0:19:48]} Nd5 {[%emt 0:02:42]} 14. Bd2 $11 {[%emt 0:06:29]} Re8 {[%emt 0:13:26]} 15. e3 {[%emt 0:03:31]} Nxb3 {[%emt 0:09:04]} 16. Qxb3 {[%emt 0:01:03]} Be6 {[%emt 0:00:27]} 17. Qc2 {[%emt 0:03:41]} Rad8 {[%emt 0:07:11]} 18. Nc5 {[%emt 0:02:17]} Bc8 {[%emt 0:00:18]} 19. Nb3 {[%emt 0:02:01]} Nb4 {[%emt 0:03:24]} 20. Bxb4 {[%emt 0:00:30]} Qxb4 {[%emt 0:00:01]} 21. Rfd1 {[%emt 0:01:03]} Bg4 {[%emt 0:10:26]} 22. Rd2 {[%emt 0:01:17]} Re7 {[%emt 0:08:13]} 23. h3 {[%emt 0:02:51]} Bf5 {[%emt 0:00:26]} 24. Qc5 {[%emt 0:04:54]} Qxc5 {[%emt 0:00:22]} 25. Nxc5 {[%emt 0:00:10]} b6 {[%emt 0:01:40]} 26. Ne4 {[%emt 0:00:07]} c5 {[%emt 0:00:50]} 27. Kf1 {[%emt 0:01:06]} Bc8 {[%emt 0:01:54]} 28. Nc3 {[%emt 0:04:26]} Red7 {[%emt 0:01:03]} 29. Ke2 {[%emt 0:01:42]} Ba6 {[%emt 0:00:31]} 30. Rcd1 {[%emt 0:00:40]} Rd6 {[%emt 0:07:31]} 31. Ne4 {[%emt 0:00:46]} Re6 {[%emt 0:00:17]} 32. Nc3 {[%emt 0:00:34]} Red6 {[%emt 0:01:17]} 33. Ne4 {[%emt 0:00:06]} R6d7 {[%emt 0:00:07]} 34. Nc3 {[%emt 0:00:06]} Bc8 {[%emt 0:03:12]} 35. Rh1 {[%emt 0:03:04]} Kf8 {[%emt 0:00:46]} 36. Bc6 {[%emt 0:01:10]} Rd6 {[%emt 0:00:17]} 37. Bg2 {[%emt 0:00:21]} Ba6 {[%emt 0:01:12]} 38. Rhd1 {[%emt 0:00:21]} f5 {[%emt 0:00:05]} 39. Bf1 {[%emt 0:03:19]} e4 {[%emt 0:00:57]} 40. Ke1 {[%emt 0:00:00]} exd3 {[%emt 0:00:00]} 41. Rc1 {[%emt 0:01:50]} Bb7 {[%emt 0:08:27]} 42. f4 {[%emt 0:05:36]} c4 {[%emt 0:03:05]} 43. Kf2 {[%emt 0:01:03]} Re6 {[%emt 0:04:56]} 44. b3 {[%emt 0:02:30]} Rxe3 {[%emt 0:00:43]} 45. bxc4 {[%emt 0:00:46]} Bd4 {[%emt 0:00:18]} 46. Kg1 {[%emt 0:00:11]} Re2# 0-1

[Event "EYCC Open U12 2018"]
[Site "Riga"]
[Date "2018.08.20"]
[Round "1"]
[White "Triboi, Alexander"]
[Black "Chyzy, Jakub"]
[Result "0-1"]
[WhiteElo "1670"]
[BlackElo "2143"]
[Annotator "NA"]
[PlyCount "72"]
[EventDate "2018.08.20"]
[EventType "swiss"]
[EventCountry "LAT"]
[SourceTitle "playchess.com"]
[Source "ChessBase"]
[SourceQuality "1"]
[TimeControl "40/5400+30:1800+30"]

1. d4 {[%emt 0:00:00]} d5 {[%emt 0:00:00]} 2. Bf4 {[%emt 0:00:00]} Nf6 {[%emt 0:00:05]} 3. e3 {[%emt 0:00:00]} e6 {[%emt 0:00:18]} 4. Nf3 {[%emt 0:00:24]} Be7 {[%emt 0:02:58]} 5. h3 {[%emt 0:00:09]} O-O {[%emt 0:00:18]} 6. Bd3 {[%emt 0:00:04]} c5 {[%emt 0:00:19]} 7. c3 {[%emt 0:00:05]} Nc6 {[%emt 0:01:20] LiveBook: 5 Games} 8. O-O {[%emt 0:00:52]} c4 {[%emt 0:02:25]} 9. Bc2 {[%emt 0:00:52]} b5 {[%emt 0:00:40]} 10. Nbd2 {[%emt 0:06:41]} a5 {[%emt 0:02:18]} 11. e4 {[%emt 0:14:14]} dxe4 {[%emt 0:07:35]} 12. Nxe4 {[%emt 0:00:15]} Nd5 $11 {[%emt 0:01:36]} 13. Bh2 {[%emt 0:03:39]} f5 {[%emt 0:01:17]} 14. Ned2 {[%emt 0:05:52]} Bd6 {[%emt 0:04:34]} 15. Bxd6 {[%emt 0:05:22]} Qxd6 {[%emt 0:00:06]} 16. a4 {[%emt 0:00:58]} Ba6 {[%emt 0:17:22]} 17. axb5 {[%emt 0:04:43]} Bxb5 {[%emt 0:00:06]} 18. Ba4 {[%emt 0:04:06]} Ba6 {[%emt 0:08:49]} 19. Bxc6 {[%emt 0:08:29]} Qxc6 {[%emt 0:00:09]} 20. Rxa5 {[%emt 0:01:07]} Nf4 {[%emt 0:02:17]} 21. Rc5 {[%emt 0:03:50]} Qb7 {[%emt 0:00:59]} 22. Nxc4 {[%emt 0:07:50]} Rf6 {[%emt 0:01:53]} 23. Kh2 {[%emt 0:03:07]} Rh6 {[%emt 0:13:22]} 24. Rg1 {[%emt 0:04:17]} Rc8 {[%emt 0:30:34]} 25. Nd6 {[%emt 0:01:02]} Qb8 {[%emt 0:00:10]} 26. Ne5 {[%emt 0:12:33]} Qxd6 {[%emt 0:00:11]} 27. Qa4 {[%emt 0:00:40]} Ng6 {[%emt 0:01:07]} 28. Ra5 {[%emt 0:01:34]} Bb7 {[%emt 0:00:31]} 29. Re1 {[%emt 0:01:33]} Nf4 {[%emt 0:00:32]} 30. f3 {[%emt 0:00:51]} Bxf3 {[%emt 0:00:34]} 31. gxf3 {[%emt 0:00:43]} Rxh3+ {[%emt 0:00:05]} 32. Kg1 {[%emt 0:00:13]} Qe7 {[%emt 0:00:39]} 33. Qd7 {[%emt 0:01:14]} Rh1+ {[%emt 0:00:11]} 34. Kf2 {[%emt 0:00:57]} Qh4+ {[%emt 0:00:11]} 35. Ke3 {[%emt 0:00:03]} Rxe1+ {[%emt 0:00:09]} 36. Kd2 {[%emt 0:00:04]} Qf2# {[%emt 0:00:06]} 0-1

[Event "EYCC Open U12 2018"]
[Site "Riga"]
[Date "2018.08.21"]
[Round "2"]
[White "Makoveev, Ilya"]
[Black "Farkas, Otto Jr"]
[Result "1-0"]
[WhiteElo "2249"]
[BlackElo "1874"]
[Annotator "TA"]
[PlyCount "59"]
[EventDate "2018.08.20"]
[EventType "swiss"]
[EventCountry "LAT"]
[SourceTitle "playchess.com"]
[Source "ChessBase"]
[SourceQuality "1"]

{[%evp 18,59,56,58,86,72,86,54,79,64,67,77,106,83,80,95,204,210,227,185,184,187,214,189,533,237,425,399,701,643,696,634,723,720,1189,1173,1210,1156,1095,1169,1174,1147,1127,1096]} 1. e4 {[%cal Be2e4,Be4e5][%mdl 32]} Nf6 {[%cal Bg8f6,Bf6d5,Bd5b6][%mdl 32]} 2. e5 Nd5 3. d4 d6 4. c4 Nb6 5. exd6 cxd6 6. Nc3 g6 7. Be3 Bg7 8. Rc1 O-O 9. b3 Bf5 10. Nge2 {LiveBook: 4 Games. B03: Alekhine's Defence: Four Pawns Attack} Bg4 $146 ({Predecessor:} 10... d5 11. c5 Nc8 12. Ng3 Nc6 13. Nxf5 gxf5 14. Bd3 e5 15. Qh5 N8e7 16. Ne2 Qa5+ 17. Bd2 Qxa2 18. dxe5 Qxb3 {½-½ (39) Gao,R (2552)-Zhou,J (2612) Xinghua 2016}) 11. f3 Bf5 12. Kf2 {White is better.} d5 13. c5 Nc8 14. g4 Be6 15. Nf4 Nc6 16. h4 $36 {[%mdl 2048] Black is under strong pressure.} ({Much weaker is} 16. Nxe6 $6 fxe6 17. Bb5 e5 $11) 16... Qd7 (16... a6 $16) 17. Qd2 f5 18. g5 Bf7 {White should prevent ...e5.} 19. Ncxd5 Bxd5 20. Nxd5 {Black must now prevent Bc4.} Kh8 $2 {[#]} ({Not} 20... Qxd5 $2 21. Bc4 $18) (20... e6) 21. Bc4 (21. h5 $142 gxh5 22. Rxh5 Qxd5 23. Bc4) 21... e6 $2 (21... b5) 22. Nf4 $18 Nd8 $2 (22... e5 23. dxe5 Qxd2+ 24. Bxd2 Nxe5) 23. h5 {[%cal Bh4h5,Bh5h6][%mdl 32] White is clearly winning.} Ne7 24. h6 Bf6 25. gxf6 Rxf6 26. d5 {[%cal Bd4d5,Bd5d6][%mdl 32]} e5 27. Qc3 Nf7 28. d6 Nc6 29. Nd5 Re6 30. Nc7 {Precision: White = 61%, Black = 23%.} 1-0

[Event "EYCC Open U12 2018"]
[Site "Riga"]
[Date "2018.08.21"]
[Round "2"]
[White "Chyzy, Jakub"]
[Black "Pidluznij, Gleb"]
[Result "1-0"]
[WhiteElo "2143"]
[BlackElo "1857"]
[Annotator "TA"]
[PlyCount "73"]
[EventDate "2018.08.20"]
[EventType "swiss"]
[EventCountry "LAT"]
[SourceTitle "playchess.com"]
[Source "ChessBase"]
[SourceQuality "1"]

{[%evp 16,73,-113,-110,-106,-118,-54,-63,-54,-89,-52,-66,-5,-5,-5,-10,-10,-8,-6,-10,0,0,0,0,0,0,0,0,0,0,5,0,0,0,0,0,383,387,545,462,1357,1344,1754,1958,5406,5277,5618,2218,12835,7332,12839,12839,12840,12840,12841,12841,12841,12842,12848,12847]} 1. e4 c5 2. Nf3 Nc6 3. d4 cxd4 4. Nxd4 Nf6 5. Nc3 d6 6. Bg5 e6 7. Qd2 h6 8. Bh4 {B63: Sicilian: Richter-Rauzer: 7...Be7 and unusual Black 7th moves} (8. Bxf6 gxf6 9. O-O-O a6 10. f4 Bd7 11. g3 h5 12. Kb1 Qb6 13. Nb3 O-O-O 14. Bh3 Kb8 15. Rhf1 Bc8 16. Qe2 h4 17. Bg4 hxg3 18. hxg3 Rg8 {½-½ (35) Patel,A (2475)-Shabalov,A (2564) Chicago 2018}) 8... Nxe4 9. Qf4 {LiveBook: 3 Games} Nf6 10. Ne4 {[#] Nxc6 is the strong threat.Black is better.} Be7 ({Don't take} 10... Nxd4 11. Nxf6+ gxf6 12. Qxd4 $15) (10... Qa5+ $17 11. c3 Nxe4 12. Nxc6 bxc6 13. Qxe4 Rb8) 11. Bxf6 $15 gxf6 12. Bb5 Bd7 13. Nxd6+ Bxd6 ({Black should try} 13... Kf8 $1 $15 14. Bxc6 (14. Nxb7 Qb6 $15) 14... bxc6) 14. Qxd6 $11 {[%cal Rd4c6]} Nxd4 $146 ({Predecessor:} 14... Qe7 15. Qxe7+ Kxe7 16. Nxc6+ bxc6 {0-1 (34) Lutvak-Franco Ocampos,Z Buenos Aires 1975}) 15. Bxd7+ Qxd7 16. Qxd7+ Kxd7 17. Rd1 Rac8 18. Rxd4+ {[%mdl 4096] Endgame KRR-KRR} Ke7 19. c3 Rhd8 20. Rxd8 Rxd8 {KR-KR} 21. Ke2 f5 22. g3 e5 23. Rd1 Rxd1 24. Kxd1 {KP-KP} Kd6 25. Ke2 e4 $2 {[%mdl 8192] [#]} (25... b5 $11 {and Black stays safe.}) 26. Ke3 $18 Kc5 (26... Ke5 {keeps fighting.} 27. c4 h5) 27. b3 {[%cal Bb2b3,Bb3a4][%mdl 32] White is clearly winning.} b5 (27... Kd6 $142 28. Kf4 Ke6) 28. Kf4 b4 29. c4 Kd4 30. Kxf5 a5 31. g4 a4 32. bxa4 Kxc4 33. Kxe4 Kc5 34. Kd3 Kb6 35. Kc4 Ka5 36. Kb3 f6 37. h4 {Precision: White = 86%, Black = 23%.} 1-0

[Event "EYCC Open U12 2018"]
[Site "Riga"]
[Date "2018.08.21"]
[Round "2"]
[White "Pozzari, Simone"]
[Black "Murzin, Volodar"]
[Result "0-1"]
[WhiteElo "1897"]
[BlackElo "2306"]
[Annotator "TA"]
[PlyCount "76"]
[EventDate "2018.08.20"]
[EventType "swiss"]
[EventCountry "LAT"]
[SourceTitle "playchess.com"]
[Source "ChessBase"]
[SourceQuality "1"]

{[%evp 13,76,16,13,-18,-7,-28,-17,-23,-29,-49,-45,-59,-64,-63,-74,-98,-79,-170,-144,-157,-153,-159,-142,-171,-115,-200,-130,-140,-133,-256,-249,-250,-147,-193,-143,-265,-235,-256,-186,-189,-164,-142,-163,-143,-132,-129,-132,-101,0,0,0,0,0,-90,-96,-200,-184,-351,-358,-477,-475,-1008,-1026,-1392,-1252]} 1. e4 c5 2. Nf3 d6 3. Bb5+ Nd7 4. O-O a6 5. Bxd7+ Bxd7 6. d4 cxd4 7. Qxd4 e5 {LiveBook: 225 Games. B51: Sicilian: Moscow Variation (3 Bb5+) without 3...Bd7} 8. Qd1 h6 9. a4 $146 ({Predecessor:} 9. c4 Nf6 10. Nc3 Rc8 11. Nd2 Be7 12. Nd5 Nxd5 13. cxd5 O-O 14. Qb3 b5 15. Nf3 {0-1 (49) Hodak,S (2250)-Kozul,Z (2594) Bizovac 2001}) 9... Nf6 {Black has an edge.} 10. Re1 b5 11. Nc3 Be7 12. Nd5 Nxd5 13. Qxd5 bxa4 14. Rd1 Rc8 15. Bd2 (15. c3 $17 {was necessary.}) 15... Bc6 16. Qd3 Bb5 17. Qe3 O-O 18. Bc3 Qe8 (18... Qc7 $19 19. Rd2 Bc6) 19. g4 (19. Nd2 $17 {might work better.}) 19... Rc4 20. Nd2 Rc6 21. Nf3 (21. Qg3 $17 {keeps fighting.}) 21... Qc8 $19 22. h3 {[#]} Qe6 ({Black should try} 22... h5 $1 $19 {[%mdl 512]} 23. Nh2 (23. gxh5 Qxh3) 23... hxg4 24. hxg4 Rc4) 23. Kh2 Rc4 24. Qe1 (24. Nd2 $17) 24... Rfc8 25. Nd2 R4c5 26. Nf1 d5 27. exd5 Rxd5 28. Ne3 Rxd1 29. Rxd1 Bf8 30. Bb4 e4 (30... Bxb4 $17 31. Qxb4 Qf6) 31. Bxf8 $11 Qe5+ 32. Kg2 {[#] Black must now prevent Ba3.} Rxf8 33. c3 (33. c4 $11 {remains equal.} Bc6 34. Qb4) 33... Bd3 $36 {[%mdl 2048] Black has strong initiative.} 34. Nf1 (34. Nf5 $17 Rd8 35. Qe3) 34... Qf6 {aiming for ...Rb8.} 35. Nh2 $2 (35. Ng3 Qf3+ 36. Kh2) 35... Rb8 $19 36. Qd2 Qb6 {Black is clearly winning.} 37. f3 (37. g5 $142 Qxb2 38. Ng4) 37... Qxb2 38. Kg1 a3 {Precision: White = 22%, Black = 77%.} 0-1